00992nam a22002657a 450000500170000001000130001702000210003003500130005103700160006404000120008008200140009210000230010624500920012926000480022127000490026930000230031850000510034165000280039265000250042065000540044565000490049994200280054899900190057695201310059520170124105913.0 aA-608653 c00.00a818513572 aA-608653 bCen Lib/Ret aDPLbEN a324.20954 aPuri, Yogesh91492 aParty politics in the nehru era :cby Kamal Nayan Kabraba stydy of congress in delhi / aNew DelhibNational Book Organisationc1993 aH-39 Green Park ExtensionbNew Delhie110016 aix,262p.c22cm(Hb) aIncludes bibliographical references and index aPolitical Science91493 aCongress-India91494 a राजनीति विज्ञान9442 a कांग्रेस-भारत91495 2ddccENh324.20954mPUR c122667d122667 001040718REFaLbLd2015-05-28eCen Lib/Retg0.00l0o324.20954 PURpA-608653r2015-05-28 00:00:00t1v0.00w2015-05-28yEN